000 00768nam a2200253 a 4500
001 BRCA_5412
005 20190320205051.0
008 101210s1917----gw-a######---#000-0#ger-#
041 _ager
044 _agw
050 4 _aND631
_b.B63 1917
100 1 _aBode, Wilhelm
_d1875-1933
_913829
245 1 0 _aDie Meister der holländischen und vlämischen malerschulen
_cWilhelm von Bode.
260 _aLeipzig, Alemania
_bE.A. Seemann
_c1917
300 _avii, 400 p.
_bil.
_c27 cm.
500 _aIncluye índice de pintores e índice de pinturas
500 _aE134
650 1 4 _aPintores holandeses
_913830
650 1 4 _aPintores flamencos
_97571
650 1 4 _aPintura
_zPaíses Bajos
_913692
650 1 4 _aPintura
_xHistoria
_913831
902 _aGFM
942 _2lcc
_cB
999 _c5106
_d5106